| 000 | 00557nam a2200145Ia 4500 | ||
|---|---|---|---|
| 008 | 140724s9999 xx 000 0 und d | ||
| 050 |
_aRT 89 _b.Ab162 2009 |
||
| 100 | _aAbrenica, Mara Jamaica. | ||
| 245 | 4 |
_aThe hospital duty bag as an enhancer of student nurses' time management and equipment organization in the clinical setting / _cMara Jamaica Abrenica. |
|
| 260 |
_aLas PiƱas, Philippines : _bSouthville International School and Colleges, _cc2009. |
||
| 300 |
_a41 p. : _bcol. ill. ; _c28 cm. |
||
| 521 | _aNursing | ||
| 942 | _cTH | ||
| 999 |
_c228692 _d228692 |
||